The Adventures of Tom Sawyer - Multiple Choice Quiz - Statistics

General Stats
  • This quiz has been taken 87 times
  • The average score is 11 of 16
Answer Stats
Question Answer % Correct
Who wrote the novel? Mark Twain
94%
Tom has to whitewash the fence as punishment, but... He convinces other children to do the work for him
91%
Who does Tom Sawyer live with? His aunt
85%
In which US state is this town located? Missouri
85%
Why are Tom and his friends going to Jackson Island? To live as pirates
85%
What's the name of the girl Tom falls in love with? Becky Thatcher
76%
What is the name of the primary antagonist? Injun Joe
76%
What scene do the boys witness upon their return from the island? Their funerals
74%
Where do Tom and his girlfriend get lost for several days? In caves
73%
What is Tom's half-brother's name? Sid
64%
Which of these statements about Huckleberry Finn is FALSE ? He is an orphan
59%
Who does Huck save from the bandit attack? Widow Douglas
59%
What's the name of the fictional town Tom lives in? St. Petersburg
51%
Which of these characters does Tom like to play in the woods? Robin Hood
49%
Tom and Huck catch three men in the cemetery who were... Snatching a body
43%
What is special about Tom's schoolteacher? He wears a wig
38%
No matching quizzes found
Score Distribution
Percent of People with Each Score
Percentile by Number Answered
Your Score History
You have not taken this quiz